| 000 | 00548cam a2200193 4500 | ||
|---|---|---|---|
| 001 | D15499 | ||
| 008 | 090401t1985 xxu||||| |||| 00| 0 eng d | ||
| 035 | _a(Sirsi) u23220 | ||
| 041 | _aeng | ||
| 050 | _a526.99028 | ||
| 110 |
_aRoyal Institution of Chartered Surveyors _94900 |
||
| 245 | _aHydrographic survey equipment: 1984 catalogue. Supplement No.2 | ||
| 260 |
_aLondon _bSurveyors Publications/ FIG _c1985 |
||
| 300 | _a54p. 30cm | ||
| 350 | _a0 | ||
| 710 | _aFederation International Des Geometres | ||
| 942 | _n0 | ||
| 948 | _c04/03/1997 | ||
| 999 |
_c88354 _d88354 |
||